000 00593nam a2200265Ia 4500
005 20260306163513.0
008 008 260114s9999 xx 000 0 eng d
020 _a9780226328690
037 _aEBOOK
040 _aCRL
040 _beng
040 _cCRL
041 _2eng
041 _aeng
084 _qCRL
100 _aHersch
_91128767
245 0 _aSubversive Sounds
260 _bUniversity of Chicago Press
260 _c2013
650 _aMusic
856 _uhttps://academic.oup.com/book/17775
942 _cEBOOK
999 _c1710369
_d1710369